| 000 | 01587nam a22004097a 4500 | ||
|---|---|---|---|
| 003 | CHAP | ||
| 005 | 20220329134957.0 | ||
| 008 | 971013s1976 r 00010 d | ||
| 010 | _a28949 | ||
| 011 | _a29921 | ||
| 035 | _a34032 | ||
| 040 | _cCHAP | ||
| 082 |
_a574.192 _bL44Y |
||
| 100 | 0 | 0 |
_aLehninger, Albert L. _965883 |
| 245 | _aCurso breve de bioquímica | ||
| 260 |
_aBarcelona : _bOmega, _c1976 |
||
| 300 |
_a447 p. _b: ilus. |
||
| 500 | _ac.2 rep. | ||
| 500 | _ac.4 rep. y reimp. de 1985 | ||
| 590 |
_aBATCH-UPD _b10 _c20130110 _lUCH01 _h0312 |
||
| 590 |
_aBATCH-UPD _b10 _c20130110 _lUCH01 _h2045 |
||
| 590 |
_aBATCH-UPD _b10 _c20130409 _lUCH01 _h2345 |
||
| 590 |
_aBATCH-UPD _b10 _c20130914 _lUCH01 _h0643 |
||
| 590 |
_aCONVERSION _b10 _c20130109 _lUCH01 _h1317 |
||
| 650 | 1 | 4 |
_aBioquímica. _912849 |
| 901 | _aBK | ||
| 942 | _cLIBRO | ||
| 949 |
_a574.192 L44Y _bBC _cLIBRO _d-78902 _eLIBRO _fc.7 _h45599 _i34032 _si |
||
| 949 |
_a574.192 L44Y _bBC _cLIBRO _d-78903 _eLIBRO _fc.8 _h45600 _i34032 _si |
||
| 949 |
_a574.192 L44Y _bBC _cLIBRO _d33724000941977 _eLIBRO _h45593 _i34032 _so |
||
| 949 |
_a574.192 L44Y _bBC _cLIBRO _d33724000942918 _eLIBRO _fc.2 _h45594 _i34032 _si |
||
| 949 |
_a574.192 L44Y _bBC _cLIBRO _d33724000943098 _eLIBRO _fc.6 _h45598 _i34032 _si |
||
| 949 |
_a574.192 L44Y _bBC _cLIBRO _d33724000982906 _eLIBRO _fc.5 _h45597 _i34032 _si |
||
| 949 |
_a574.192 L44Y _bBC _cLIBRO _d33724002008892 _eLIBRO _fc.3 _h45595 _i34032 _si |
||
| 949 |
_a574.192 L44Y _bBC _cLIBRO _d33724002008934 _eLIBRO _fc.9 _h45601 _i34032 _so |
||
| 949 |
_a574.192 L44Y _bBC _cLIBRO _d33724002019496 _eLIBRO _fc.10 _h45602 _i34032 _si |
||
| 999 |
_c28949 _d28949 |
||